000 01266nam a2200253 4500
003 CO-ViMGA
020 _a9789583040801
040 _aCO-ViMGA
_bspa
_cCO-ViMGA
082 0 4 _a183.2
_bM64s
100 1 _aMokaddem, Salim
_92370
245 1 0 _aSócrates esta enamorado :
_b (a partir de el banquete de Platón) /
_cSalim Mokaddem ; ilustrado por Yann Le Bras ; traducción Cristina Ramos ; edición César A. Cardozo tovar
260 _aBogota :
_bPanamericana,
_c2013
300 _a 63 páginas :
_bilustraciones en color ; 21 cm
500 _a Incluye datos biográficos del autor y el ilustrador
520 _a "Esta noche, los más brillantes oradores de Atenas se reúnen para un banquete. Allá están el poeta Aristófanes, el médico Erixímaco, el artista Fedro y, por supuesto, Sócrates, el filósofo malicioso. Una profunda pregunta es hecha: ¿qué es el amor?".
600 _a Socrates
_d 470-399 a.c
_vBiografías
_92371
650 1 4 _aAmor
_x Literatura infanti
_92373
650 1 4 _aFilosofía griega
_xLiteratura infantil
_92372
650 1 4 _aFilósofos griegos
_xLiteratura infantil
_92355
700 1 _a Cardozo Tovar, César,
_eed.
_92374
700 1 _a Le Bras, Yann,
_eil.
_9335
700 1 _a Ramos, Cristina,
_etr.
_9157
942 _2ddc
_cBK
999 _c7261
_d7261